000 nam a22 7a 4500
999 _c10336
_d10336
008 180213b ||||| |||| 00| 0 eng d
100 _aCBSE
_96296
245 _aSupplementary Reading Material Economics
260 _aNew Delhi
_bCBSE
_c2008